000 01453cam a22003495a 4500
001 15549773
005 20090505172125.0
008 081209s2009 maua 001 0 eng d
010 _a 2008301188
020 _a9781423925453
020 _a1423925459
035 _a(OCoLC)ocn256789249
040 _aCPA
_cCPA
_dCPA
_dDLC
042 _alccopycat
050 0 0 _aQA76.76.H94
_bC3676 2009
082 0 4 _a005.72
_222
_bCAR
100 1 _aCarey, Patrick,
_d1961-
_97202
245 1 0 _aNew perspectives on HTML and XHTML/
_cPatrick Carey.
246 1 4 _aHTML and XHTML
250 _a5th ed.
260 _aBoston, Mass. :
_bCourse Technology, Cengage Learning,
_cc2009.
300 _aVarious p.;
_bcol. ill. ;
_c28 cm.
490 0 _aNew perspectives series ;
500 _aIncludes index.
650 0 _aHTML (Document markup language)
_97203
650 0 _aXHTML (Document markup language)
_97204
650 0 _aWeb sites
_xDesign.
_97205
942 _2ddc
_cBB
999 _c12107
_d12107